000
00297nam a2200121 4500
999
_c
9731
_d
9731
003
OSt
005
20211223181757.0
008
211223b ||||| |||| 00| 0 eng d
110
_a
Rangawala
245
_a
Water Supply and sanitary engineering
260
_a
India
_c
Charotar Publishing
942
_2
ddc